000 00657nam a2200265Ia 4500
005 20260121161341.0
008 008 260114s9999 xx 000 0 eng d
020 _a9781003469308
037 _aEBOOK
040 _aCRL
040 _beng
040 _cCRL
041 _2eng
041 _aeng
084 _qCRL
100 _aDeveloping Competent Teachers
_91043359
245 0 _aDavid Hustler; Donald McIntyre
260 _bTaylor and Francis
260 _c1996
650 _aEducational Research
_91043360
856 _uhttp://www.taylorfrancis.com/books/9781003469308
942 _cEBOOK
999 _c1610082
_d1610082